00273nam a2200121Ia 4500008004100000041001200041082001900053100002000072245001800092260002000110300001200130650000900142231217s9999 xx 000 0 und d aEnglish a001.64404 MCC aMcClain, Gary R 0aOLTP handbook c1993bIntertext axvi+335 aOLTP